000
00289nam a2200121Ia 4500
008
191201s2018 xx 000 0 und d
100
_a
GAMBHIR,ML
245
0
_a
Concrete technology theory and practice
260
_b
MGH
_c
2018
300
_a
774
650
_a
B.Tech(CE)
942
_2
ddc
_c
BK
_0
6
999
_c
7090
_d
7090